000 00991nam a22002537a 4500
005 20240530110628.0
008 170110s2015 ua abk g b 000 0 ara d
017 _a1928/2015
_bمصر. دار الكتب
020 _a9789772739059
040 _aEG-CaGPL
_cEG-CaGPL
082 0 4 _221
_a291.04\
_bع ج
100 0 _aعبدالعظيم احمد عبدالعظيم
245 1 0 _aجغرافية الاديان /
_cعبدالعظيم احمد عبدالعظيم
260 _aالاسكندرية :
_bدار المعرفة الجامعية ،
_c2015.
300 _a257 ص. :
_bايض ؛
_c24 سم.
504 _aيشتمل على ارجاعات ببليوجرافية
650 0 7 _2qrmak
_aالديانات
_zقارة افريقيا
650 0 7 _2qrmak
_aالديانات
_zقارة اسيا
650 0 7 _2qrmak
_aالديانات
_zاوربا
650 0 7 _2qrmak
_aالديانات
_zاستراليا
651 _2qrmak
942 _2ddc
_cBK
999 _c63206
_d63206